• 首页
  • 本馆介绍
  • 公告通知
  • 最新文献
  • 馆藏检索
  • 电子资源
  • 读者导购
  • 参考咨询
  • 我的图书馆
  • 登录
  • 详细信息显示
  • 放入我的书架
  • 预约/预借图书
  • 作者相关作品
  • 分类相关作品
  • 丛书相关作品
  • 出版社相关作品

书目信息

  • 表格格式
  • 工作单格式
  • 卡片格式
题名:
酶工程
    
 
作者: 施巧琴 主编
分册:  
出版信息: 北京   科学出版社  2005
页数: 11,435页
开本: 30cm
丛书名:
单 册:
中图分类: Q814
科图分类:
主题词: 酶--生物工程--师范大学--教材 , 酶 , 生物工程
电子资源:
ISBN: 7-03-015038-4
000 00920nam0 2200277 450
000 00926nam0 2200277 450
000 00859nam0 2200253 450
000 00822nam0 2200241 45
005 20070529081418.25
010    @a7-03-015038-4@dCNY38.00
100    @a20070418d2005 em y0chiy0120 ea
101 0  @achi
102    @aCN@b110000
105    @ay z 000yy
200 1  @a酶工程@AMei Gong Cheng@f施巧琴主编 @FShi Qiao Qin Zhu Bian
210    @a北京@c科学出版社@d2005
215    @a11,435页@d30cm
300    @a高等师范院校新世纪教材
330    @a全书包括酶学基础、产酶微生物的分离和选育、酶的生物合成与发酵生产、酶的分离与纯化、酶反应器、酶传感器、酶分子的化学修饰和酶的蛋白质工程等内容。
606 0  @a酶@x生物工程@x师范大学@j教材
606 0  @a酶
606 0  @a生物工程
690    @aQ814@v4
701  0 @a施巧琴@AShi Qiao Qin@c(生物工程)@4主编
801  0 @aCN@bTAOJIN@c20070529
905    @a10447@dQ814@e100
    
    酶工程/施巧琴主编 .-北京:科学出版社,2005
    11,435页;30cm
    高等师范院校新世纪教材
    
    ISBN 7-03-015038-4:CNY38.00
    全书包括酶学基础、产酶微生物的分离和选育、酶的生物合成与发酵生产、酶的分离与纯化、酶反应器、酶传感器、酶分子的化学修饰和酶的蛋白质工程等内容。
●
相关链接 在E读中查询图书 在五车中查询图书 在当当中查询图书 在豆瓣中查询图书


正题名:酶工程     索取号:Q814/100         预约/预借

序号 登录号 条形码 馆藏地/架位号 状态 备注
1 0523463   205234637   第二样本阅览室/ [索取号:Q814/100] 在馆    
2 0523464   205234646   第三借阅区/ [索取号:Q814/100] 在馆    
唐山师范学院图书馆 欢迎您!
大连网信软件有限公司© 版权所有